Normal view
MARC view
- Beauty contestants
Entry Topical Term
001 - CONTROL NUMBER
- control field: 12054
003 - CONTROL NUMBER IDENTIFIER
- control field: NUST
005 - DATE AND TIME OF LATEST TRANSACTION
- control field: 20180727051202.0
008 - FIXED-LENGTH DATA ELEMENTS
- fixed length control field: 180727|| aca||aabn | a|a d
040 ## - CATALOGING SOURCE
- Original cataloging agency: NUST
- Transcribing agency: NUST
150 ## - HEADING--TOPICAL TERM
- Topical term or geographic name entry element: Beauty contestants
670 ## - SOURCE DATA FOUND
- Source citation: Work cat.: (NUST)174426: Collins, Jackie. 12048, Lovers and gamblers /, 1977.
